[Event "Arco Christmas op 8th"]
[Site "Arco"]
[Date "2017.12.30"]
[Round "7"]
[White "Bianchini, Beatrice"]
[Black "Gehrke, Jakob"]
[Result "0-1"]
[WhiteElo "1563"]
[BlackElo "1427"]
[PlyCount "96"]
[EventDate "2017.12.26"]
[EventType "swiss"]
[EventRounds "7"]
[EventCountry "ITA"]
[SourceTitle "CBM 182 Extra"]
[Source "ChessBase"]
[SourceDate "2018.02.23"]
[SourceVersion "1"]
[SourceVersionDate "2018.02.23"]
[SourceQuality "1"]

1. e4 e5 2. Nf3 Nc6 3. Bb5 Bc5 4. 0-0 d6 5. d4 exd4 6. Nxd4 Nge7 7. b3 0-0 8. Nxc6 Nxc6 9. Bb2 Qg5 10. Bxc6 bxc6 11. Qf3 Re8 12. Nc3 Bd4 13. Rab1 Bg4 14. Qd3 Be5 15. Nd1 Bxd1 16. Rfxd1 Bxb2 17. Rxb2 Qe5 18. Rbb1 Qxe4 19. Qxe4 Rxe4 20. Kf1 Rae8 21. Re1 f5 22. f3 Re3 23. Rxe3 Rxe3 24. c4 c5 25. Rb2 Kf7 26. Re2 Rxe2 27. Kxe2 Ke6 28. f4 c6 29. Kd3 d5 30. cxd5+ cxd5 31. a3 Kd6 32. h3 h5 33. g3 g6 34. h4 a6 35. Kc3 d4+ 36. Kc4 Kc6 37. b4 cxb4 38. axb4 d3 39. Kxd3 Kd5 40. Kc3 Ke4 41. Kc4 Kf3 42. Kc5 Kxg3 43. Kb6 Kxf4 44. Kxa6 Kg4 45. b5 f4 46. b6 f3 47. b7 f2 48. b8Q f1Q+ 0-1

[Event "Treviso op-D 1st"]
[Site "Treviso"]
[Date "2017.03.18"]
[Round "2.7"]
[White "Ronchi, Alessandro"]
[Black "Bianchini, Beatrice"]
[Result "1-0"]
[WhiteElo "1259"]
[BlackElo "1440"]
[PlyCount "119"]
[EventDate "2017.03.17"]
[EventType "swiss"]
[EventRounds "5"]
[EventCountry "ITA"]
[SourceTitle "EXT 2024"]
[Source "ChessBase"]
[SourceDate "2023.10.10"]
[SourceVersion "1"]
[SourceVersionDate "2023.10.10"]
[SourceQuality "1"]

1. e4 e5 2. Nf3 Nc6 3. d4 g6 4. dxe5 d6 5. Bg5 Qd7 6. exd6 Bxd6 7. Bb5 Bb4+ 8. c3 Qxd1+ 9. Kxd1 Be7 10. Bxc6+ bxc6 11. Bxe7 Nxe7 12. b4 0-0 13. Ke2 Ba6+ 14. Kd2 Nc8 15. Nd4 Rd8 16. Kc2 Re8 17. Nd2 Bb7 18. f3 Nb6 19. a4 a5 20. N2b3 axb4 21. a5 Nc4 22. cxb4 Ne3+ 23. Kb2 Nxg2 24. Nc5 Red8 25. Kc3 Ra7 26. Nxb7 Rxb7 27. Nxc6 Ra8 28. Rhg1 Nf4 29. Kc4 Ne6 30. a6 Rb6 31. b5 Nd8 32. Nxd8 Rxd8 33. Rgd1 Ra8 34. Rd7 c6 35. Kc5 Rxb5+ 36. Kxc6 Rbb8 37. a7 Re8 38. Rb7 Re6+ 39. Kd5 Ree8 40. Rab1 Red8+ 41. Kc4 Rac8+ 42. Kb5 Ra8 43. Ka6 Rxa7+ 44. Kxa7 Rd2 45. Rb8+ Kg7 46. R1b2 Rd3 47. R8b3 Rd7+ 48. Kb6 h5 49. Kc6 Ra7 50. Rb7 Ra3 51. R2b3 Ra2 52. h3 Rh2 53. f4 Rf2 54. f5 Kf6 55. fxg6 fxg6 56. Rb8 Kg5 57. Rg8 h4 58. Rh8 Rf6+ 59. Kd7 Kf4 60. Rxh4+ 1-0